[Event "Budapest FS12 FM-A"]
[Site "Budapest"]
[Date "2011.12.08"]
[Round "6"]
[White "Zala, Gyula"]
[Black "Letay, Gyula"]
[Result "1-0"]
[WhiteElo "1999"]
[BlackElo "2029"]
[PlyCount "48"]
[EventDate "2011.12.03"]
[EventType "tourn"]
[EventRounds "11"]
[EventCountry "HUN"]
[SourceTitle "CBM 145 Extra"]
[Source "ChessBase"]
[SourceDate "2012.01.03"]
[SourceVersion "1"]
[SourceVersionDate "2012.01.03"]
[SourceQuality "1"]

1. d4 Nf6 2. e3 d5 3. f4 e6 4. Nf3 b6 5. Ne5 Bb7 6. Be2 g6 7. 0-0 Bg7 8. c3 0-0 9. Nd2 c5 10. Qe1 cxd4 11. exd4 Ne4 12. Rf3 Nc6 13. Rh3 Nxe5 14. Nxe4 dxe4 15. fxe5 f5 16. Bc4 Qe7 17. Qh4 Qxh4 18. Bxe6+ Kh8 19. Rxh4 Rfe8 20. Bf7 Bxe5 21. dxe5 Rxe5 22. Bf4 Re7 23. Bxg6 e3 24. Re1 e2 1-0

[Event "Budapest FS12 FM-A"]
[Site "Budapest"]
[Date "2011.12.04"]
[Round "2"]
[White "Farkas, Richard"]
[Black "Zala, Gyula"]
[Result "1-0"]
[WhiteElo "2111"]
[BlackElo "1999"]
[PlyCount "51"]
[EventDate "2011.12.03"]
[EventType "tourn"]
[EventRounds "11"]
[EventCountry "HUN"]
[SourceTitle "CBM 145 Extra"]
[Source "ChessBase"]
[SourceDate "2012.01.03"]
[SourceVersion "1"]
[SourceVersionDate "2012.01.03"]
[SourceQuality "1"]

1. e4 g6 2. Bc4 Bg7 3. Nf3 d6 4. 0-0 e6 5. d4 Nd7 6. Nc3 Ne7 7. Be3 b6 8. Qd2 h6 9. Ne1 Bb7 10. f4 Nf6 11. d5 exd5 12. exd5 Nf5 13. Bb5+ Kf8 14. Bf2 Ng4 15. Nf3 Nxf2 16. Rxf2 a6 17. Bd3 Nh4 18. f5 Nxf3+ 19. Rxf3 g5 20. f6 Bxf6 21. Qf2 Bxc3 22. Rxf7+ Kg8 23. Qf5 Bd4+ 24. Kh1 Qf8 25. Rxf8+ Rxf8 26. Qe6+ 1-0

[Event "Budapest FS11 FM-A"]
[Site "Budapest"]
[Date "2011.11.05"]
[Round "1"]
[White "Zala, Gyula"]
[Black "Mayer, Istvan"]
[Result "0-1"]
[WhiteElo "1999"]
[BlackElo "2031"]
[PlyCount "64"]
[EventDate "2011.11.05"]
[EventType "tourn"]
[EventRounds "11"]
[EventCountry "HUN"]
[SourceTitle "EXT 2012"]
[Source "ChessBase"]
[SourceDate "2011.11.24"]
[SourceVersion "1"]
[SourceVersionDate "2011.11.24"]
[SourceQuality "1"]

1. e4 e6 2. a3 d5 3. e5 c5 4. b4 cxb4 5. axb4 Nc6 6. d4 Bxb4+ 7. c3 Bf8 8. Bd3 a6 9. Ra2 Rb8 10. Ne2 b5 11. 0-0 Na5 12. f4 Nc4 13. f5 Ne7 14. fxe6 Bxe6 15. Nf4 Qc8 16. Nxe6 Qxe6 17. Raf2 Nc6 18. Bf5 Qe7 19. Qf3 Rd8 20. Bh3 b4 21. Bg5 N4xe5 22. Qe3 f6 23. Bf4 Nc4 24. Qc1 Qa7 25. Re1+ Be7 26. Be6 Kf8 27. Kh1 h5 28. Rfe2 Bd6 29. Qc2 g5 30. Qg6 Qg7 31. Qxg7+ Kxg7 32. Bxd6 Rxd6 0-1

[Event "Budapest FS10 FM-A"]
[Site "Budapest"]
[Date "2011.10.07"]
[Round "7"]
[White "Zala, Gyula"]
[Black "Jensen, Leif Haugaard"]
[Result "0-1"]
[WhiteElo "2003"]
[BlackElo "2019"]
[PlyCount "86"]
[EventDate "2011.10.01"]
[EventType "tourn"]
[EventRounds "9"]
[EventCountry "HUN"]
[SourceTitle "CBM 144 Extra"]
[Source "ChessBase"]
[SourceDate "2011.10.28"]
[SourceVersion "1"]
[SourceVersionDate "2011.10.28"]
[SourceQuality "1"]

1. e4 e6 2. a3 d5 3. e5 c5 4. b4 cxb4 5. axb4 Bxb4 6. c3 Be7 7. d4 Bd7 8. Bd3 Nc6 9. Ra2 Qc7 10. Nh3 a6 11. 0-0 Rc8 12. f4 f5 13. g4 g6 14. gxf5 exf5 15. Ng5 Bxg5 16. fxg5 Nge7 17. Qe1 Be6 18. Ba3 Kf7 19. Bd6 Qd8 20. Nd2 Na5 21. Nf3 Nec6 22. Nd2 Qxg5+ 23. Kh1 Nc4 24. Nf3 Qd8 25. Rg2 Re8 26. Bxf5 Bxf5 27. Ng5+ Kg8 28. Rxf5 Nxd6 29. Qh4 Qe7 30. Rf7 Qxf7 31. Nxf7 Nxf7 32. Rg3 Re6 33. Rh3 h6 34. Qg4 Rce8 35. Qg2 Ne7 36. c4 dxc4 37. Qc2 b5 38. Rf3 Kg7 39. Qe4 Nf5 40. h4 h5 41. Rxf5 gxf5 42. Qxf5 Nxe5 43. d5 Rg6 0-1

[Event "Budapest FS10 FM-A"]
[Site "Budapest"]
[Date "2011.10.06"]
[Round "6"]
[White "Kantor, Reka"]
[Black "Zala, Gyula"]
[Result "1-0"]
[WhiteElo "1962"]
[BlackElo "2003"]
[PlyCount "53"]
[EventDate "2011.10.01"]
[EventType "tourn"]
[EventRounds "9"]
[EventCountry "HUN"]
[SourceTitle "CBM 144 Extra"]
[Source "ChessBase"]
[SourceDate "2011.10.28"]
[SourceVersion "1"]
[SourceVersionDate "2011.10.28"]
[SourceQuality "1"]

1. e4 d6 2. d4 g6 3. c4 c5 4. d5 Nf6 5. Nc3 b5 6. cxb5 a6 7. a4 axb5 8. Bxb5+ Nbd7 9. Nf3 Bg7 10. 0-0 0-0 11. Ra3 Ng4 12. Nd2 f5 13. Qe2 Ndf6 14. exf5 gxf5 15. Nc4 Kh8 16. a5 Rg8 17. Nb6 Ra7 18. Nxc8 Qxc8 19. a6 Qf8 20. Bc6 Qf7 21. Nb5 Qg6 22. Nxa7 Ne4 23. Nb5 Nxh2 24. Kxh2 Be5+ 25. f4 Ng3 26. Rxg3 Qxg3+ 27. Kg1 1-0

[Event "Budapest FS09 FM"]
[Site "Budapest"]
[Date "2011.09.12"]
[Round "10"]
[White "Szatmari, David"]
[Black "Zala, Gyula"]
[Result "1-0"]
[WhiteElo "2021"]
[BlackElo "2003"]
[PlyCount "73"]
[EventDate "2011.09.03"]
[EventType "tourn"]
[EventRounds "11"]
[EventCountry "HUN"]
[SourceTitle "CBM 144 Extra"]
[Source "ChessBase"]
[SourceDate "2011.10.28"]
[SourceVersion "1"]
[SourceVersionDate "2011.10.28"]
[SourceQuality "1"]

1. e4 e5 2. Nf3 d5 3. exd5 e4 4. Qe2 Be7 5. Qxe4 Nf6 6. Qa4+ Nbd7 7. Nc3 a6 8. Be2 0-0 9. 0-0 b5 10. Qd4 Re8 11. d3 Bb7 12. b4 a5 13. Ba3 Nb6 14. Rfe1 Nbxd5 15. Nxb5 axb4 16. Bb2 c6 17. c4 c5 18. Qe5 Bc6 19. a4 Bxb5 20. axb5 Rxa1 21. Bxa1 Bd6 22. Qf5 Nc3 23. Kf1 h6 24. Nd2 Qe7 25. Qf3 Bxh2 26. g3 h5 27. Bxc3 bxc3 28. Ne4 Ng4 29. Nxc3 f5 30. Nd5 Qe5 31. Qf4 Qb2 32. Bxg4 Rxe1+ 33. Kxe1 fxg4 34. Ne7+ Kh8 35. Qf8+ Kh7 36. Qf5+ Kh8 37. Qxh5# 1-0

[Event "Budapest FS09 FM"]
[Site "Budapest"]
[Date "2011.09.06"]
[Round "4"]
[White "Fuad Kamel Jamaliah, Natalie"]
[Black "Zala, Gyula"]
[Result "1/2-1/2"]
[WhiteElo "1942"]
[BlackElo "2003"]
[PlyCount "95"]
[EventDate "2011.09.03"]
[EventType "tourn"]
[EventRounds "11"]
[EventCountry "HUN"]
[SourceTitle "CBM 144 Extra"]
[Source "ChessBase"]
[SourceDate "2011.10.28"]
[SourceVersion "1"]
[SourceVersionDate "2011.10.28"]
[SourceQuality "1"]

1. e4 e5 2. Nf3 d5 3. exd5 Bd6 4. Nc3 f5 5. d4 e4 6. Bg5 Nf6 7. Ne5 0-0 8. Be2 a6 9. a4 Nbd7 10. Nxd7 Bxd7 11. Qd2 Kh8 12. 0-0 Qe8 13. Bf4 Rc8 14. Bxd6 cxd6 15. Qf4 Qe7 16. Rfe1 h6 17. h4 Rg8 18. h5 g5 19. hxg6 Rxg6 20. g3 Rxc3 21. bxc3 Nxd5 22. Qd2 f4 23. Bf3 fxg3 24. Rxe4 Qf6 25. Bg2 Bh3 26. f3 Bf5 27. Re8+ Kh7 28. Rb1 Rg7 29. f4 Nc7 30. Rb8 Qh4 31. R1xb7 Ne6 32. Rxg7+ Kxg7 33. d5 Qh2+ 34. Kf1 Bh3 35. Rb7+ Kf8 36. Rb8+ Ke7 37. dxe6 Qh1+ 38. Ke2 Qxg2+ 39. Ke3 Qg1+ 40. Kf3 g2 41. Rb7+ Kf6 42. Rf7+ Kxe6 43. Rg7 Kf6 44. Rg8 Qf1+ 45. Qf2 Qd1+ 46. Ke3 Qc1+ 47. Kf3 Qd1+ 48. Ke3 1/2-1/2

[Event "Budapest FS08 FM-A2"]
[Site "Budapest"]
[Date "2011.08.09"]
[Round "4"]
[White "Torok, Tamas Titusz"]
[Black "Zala, Gyula"]
[Result "1-0"]
[WhiteElo "2059"]
[BlackElo "2021"]
[PlyCount "79"]
[EventDate "2011.08.06"]
[EventType "tourn"]
[EventRounds "9"]
[EventCountry "HUN"]
[SourceTitle "CBM 143 Extra"]
[Source "ChessBase"]
[SourceDate "2011.08.29"]
[SourceVersion "1"]
[SourceVersionDate "2011.08.29"]
[SourceQuality "1"]

1. e4 d6 2. d4 g6 3. Nc3 Bg7 4. Nf3 Nd7 5. Be2 e6 6. Bg5 Ne7 7. Qd2 h6 8. Be3 b6 9. 0-0 Bb7 10. Rad1 a6 11. Ne1 b5 12. a3 Nb6 13. b3 d5 14. e5 Nf5 15. Bf4 Bf8 16. Nb1 g5 17. Be3 Be7 18. f4 Rc8 19. g4 Nxe3 20. Qxe3 c5 21. c3 b4 22. axb4 cxb4 23. cxb4 Bxb4 24. f5 Rc6 25. Nd3 Bf8 26. Rc1 Qd7 27. Qd2 Nc8 28. Qa5 Be7 29. Rxc6 Bxc6 30. fxe6 Qxe6 31. Nc5 Bxc5 32. Qxc5 Ne7 33. h3 h5 34. Rf6 Qc8 35. Nc3 hxg4 36. Bxg4 Qb7 37. b4 Rg8 38. e6 Rf8 39. exf7+ Kd8 40. Rd6+ 1-0

[Event "Budapest FS08 FM-A2"]
[Site "Budapest"]
[Date "2011.08.06"]
[Round "1"]
[White "Henrichsen, Jens"]
[Black "Zala, Gyula"]
[Result "0-1"]
[WhiteElo "1895"]
[BlackElo "2021"]
[PlyCount "107"]
[EventDate "2011.08.06"]
[EventType "tourn"]
[EventRounds "9"]
[EventCountry "HUN"]
[SourceTitle "CBM 143 Extra"]
[Source "ChessBase"]
[SourceDate "2011.08.29"]
[SourceVersion "1"]
[SourceVersionDate "2011.08.29"]
[SourceQuality "1"]

1. d4 d5 2. c4 e6 3. Nf3 c6 4. e3 f5 5. Nbd2 Nf6 6. g3 Bd6 7. Bg2 Nbd7 8. Qc2 Ne4 9. b3 0-0 10. Bb2 Qe8 11. 0-0 Rf6 12. Ne5 Rh6 13. Nxd7 Bxd7 14. c5 Bc7 15. f4 Qh5 16. Nf3 g5 17. fxg5 Nxg5 18. Nh4 Qg4 19. Nf3 Nf7 20. Ne5 Bxe5 21. dxe5 Ng5 22. Rf4 Qh5 23. Rh4 Qg6 24. Rxh6 Qxh6 25. Rf1 Be8 26. b4 Bh5 27. a4 Ne4 28. Rf4 Rf8 29. b5 Qg7 30. Bxe4 dxe4 31. Rf2 Qg5 32. Qb3 Bf7 33. Kg2 Rd8 34. Bd4 Qe7 35. bxc6 bxc6 36. Rb2 Qg5 37. Qd1 Bh5 38. Qf1 Bf3+ 39. Kf2 Qg4 40. h3 Qh5 41. Qc4 Re8 42. Qf1 Bd1 43. Kg2 Bxa4 44. Qe2 Qg6 45. Rb7 Kh8 46. Rxa7 Rg8 47. Qf2 Bd1 48. Qf4 Qh5 49. Ra2 Bf3+ 50. Kh2 Rg4 51. Ra8+ Kg7 52. Ra7+ Kf8 53. Ra8+ Ke7 54. Ra7+ 0-1

[Event "Budapest FS07 FM-A"]
[Site "Budapest"]
[Date "2011.07.10"]
[Round "9"]
[White "Zala, Gyula"]
[Black "Winkler, Stefan2222"]
[Result "1-0"]
[WhiteElo "2021"]
[BlackElo "1864"]
[PlyCount "119"]
[EventDate "2011.07.02"]
[EventType "tourn"]
[EventRounds "11"]
[EventCountry "HUN"]
[SourceTitle "CBM 143 Extra"]
[Source "ChessBase"]
[SourceDate "2011.08.29"]
[SourceVersion "1"]
[SourceVersionDate "2011.08.29"]
[SourceQuality "1"]

1. e4 e6 2. a3 d5 3. e5 c5 4. b4 cxb4 5. axb4 Bxb4 6. c3 Be7 7. d4 Nc6 8. Bd3 Bd7 9. Nh3 a6 10. 0-0 Qc7 11. Re1 0-0-0 12. Re2 Na5 13. Na3 f6 14. f4 g5 15. Rea2 Nc4 16. Qf1 Bxa3 17. Rxa3 Bb5 18. Rb3 g4 19. Nf2 f5 20. Rxb5 axb5 21. Be2 Kd7 22. Nd3 b6 23. Bxg4 Ne7 24. Bf3 Ra8 25. Rb1 Ra5 26. Qd1 Rha8 27. Qb3 Nc6 28. g4 fxg4 29. Bg2 Ne7 30. Nf2 Rg8 31. Qc2 Rg7 32. f5 exf5 33. Bxd5 Nxe5 34. dxe5 Qxe5 35. Bg2 Qe1+ 36. Bf1 Qe5 37. Qd3+ Kc8 38. Rxb5 Rxb5 39. Qxb5 Qxb5 40. Bxb5 g3 41. Nd3 Nd5 42. c4 Nc3 43. Ba6+ Kd8 44. Be3 Rg6 45. hxg3 Rxg3+ 46. Kf2 Ne4+ 47. Ke2 Rg6 48. Nf4 Rc6 49. Nd5 Nc5 50. Bg5+ Kd7 51. Bb5 Ne6 52. Be3 Nc5 53. Bxc5 bxc5 54. Kf3 h5 55. Kf4 h4 56. Bxc6+ Kxc6 57. Ne7+ Kb6 58. Nxf5 h3 59. Ke4 Kc6 60. Ke5 1-0

[Event "Budapest FS07 FM-A"]
[Site "Budapest"]
[Date "2011.07.09"]
[Round "8"]
[White "Kantor, Reka"]
[Black "Zala, Gyula"]
[Result "1/2-1/2"]
[WhiteElo "1965"]
[BlackElo "2021"]
[PlyCount "30"]
[EventDate "2011.07.02"]
[EventType "tourn"]
[EventRounds "11"]
[EventCountry "HUN"]
[SourceTitle "CBM 143 Extra"]
[Source "ChessBase"]
[SourceDate "2011.08.29"]
[SourceVersion "1"]
[SourceVersionDate "2011.08.29"]
[SourceQuality "1"]

1. e4 d6 2. d4 g6 3. c4 Bg7 4. Nc3 Nf6 5. Bd3 0-0 6. f3 c6 7. Nge2 e5 8. d5 Nbd7 9. 0-0 Nc5 10. Bc2 a5 11. b3 Nh5 12. Be3 f5 13. exf5 Bxf5 14. Bxf5 gxf5 15. f4 e4 1/2-1/2

[Event "Budapest FS07 FM-A"]
[Site "Budapest"]
[Date "2011.07.06"]
[Round "5.5"]
[White "Somogyi, Gabor"]
[Black "Zala, Gyula"]
[Result "1-0"]
[WhiteElo "1995"]
[BlackElo "2021"]
[PlyCount "41"]
[EventDate "2011.07.02"]
[EventType "tourn"]
[EventRounds "11"]
[EventCountry "HUN"]
[SourceTitle "CBM 143 Extra"]
[Source "ChessBase"]
[SourceDate "2011.08.29"]
[SourceVersion "1"]
[SourceVersionDate "2011.08.29"]
[SourceQuality "1"]

1. e4 g6 2. d4 Bg7 3. Nc3 d6 4. f4 Nd7 5. Nf3 e6 6. Be3 Ne7 7. Qd2 b6 8. Bd3 Bb7 9. 0-0-0 d5 10. e5 a6 11. g4 h5 12. h3 c5 13. f5 cxd4 14. Nxd4 gxf5 15. gxf5 Nxe5 16. fxe6 Nxd3+ 17. Qxd3 f6 18. Rhg1 Bh6 19. Bxh6 Rxh6 20. Nf5 Rh8 21. Rg7 1-0

[Event "Budapest FS04 FM-A"]
[Site "Budapest"]
[Date "2011.04.12"]
[Round "11"]
[White "Zala, Gyula"]
[Black "Kiss, Peter2222"]
[Result "0-1"]
[WhiteElo "2074"]
[BlackElo "1902"]
[PlyCount "128"]
[EventDate "2011.04.02"]
[EventType "tourn"]
[EventRounds "11"]
[EventCountry "HUN"]
[SourceTitle "CBM 141 Extra"]
[Source "ChessBase"]
[SourceDate "2011.05.03"]
[SourceVersion "1"]
[SourceVersionDate "2011.05.03"]
[SourceQuality "1"]

1. e4 c5 2. d3 Nc6 3. g3 g6 4. Bg2 Bg7 5. Ne2 e6 6. f4 d6 7. c3 Nge7 8. Nd2 0-0 9. Nf3 d5 10. e5 h5 11. Bh3 b6 12. Ng5 Bb7 13. d4 cxd4 14. cxd4 Ba6 15. b3 Bxe2 16. Kxe2 Nf5 17. Bxf5 exf5 18. Ba3 Re8 19. Nf3 Qc8 20. Qd3 Qd7 21. Rac1 Rac8 22. Rc2 Bf8 23. Bxf8 Rxf8 24. a3 Rc7 25. Rhc1 Rfc8 26. b4 Nd8 27. Rxc7 Rxc7 28. Rxc7 Qxc7 29. Kd2 Qd7 30. Ne1 Ne6 31. Nc2 Qa4 32. Ne3 Nc7 33. Kc1 Kg7 34. Kb2 a5 35. Qb3 Qb5 36. bxa5 Qxa5 37. Nc2 Ne6 38. Qb4 Qa6 39. a4 h4 40. Qb3 h3 41. Qb5 Qxb5+ 42. axb5 g5 43. fxg5 Nxg5 44. Ne3 Nf3 45. Nxd5 Nxh2 46. Nf4 Nf3 47. Nxh3 Nxd4 48. Nf4 Nxb5 49. Nd5 Nd4 50. Nxb6 Ne2 51. Kc2 Nxg3 52. Nd5 Nh5 53. Kd3 Kg6 54. Ke3 Kg5 55. Nc7 f4+ 56. Ke4 Ng3+ 57. Kf3 Kf5 58. Nd5 Nh5 59. Nf6 Ng7 60. Ng4 Ne6 61. Nh6+ Kg6 62. Ng4 Kg5 63. Nf6 Kf5 64. Ng4 Nd4+ 0-1

[Event "Budapest FS04 FM-A"]
[Site "Budapest"]
[Date "2011.04.09"]
[Round "8"]
[White "Zala, Gyula"]
[Black "Sanders, Isaac B"]
[Result "0-1"]
[WhiteElo "2074"]
[BlackElo "2015"]
[PlyCount "50"]
[EventDate "2011.04.02"]
[EventType "tourn"]
[EventRounds "11"]
[EventCountry "HUN"]
[SourceTitle "CBM 141 Extra"]
[Source "ChessBase"]
[SourceDate "2011.05.03"]
[SourceVersion "1"]
[SourceVersionDate "2011.05.03"]
[SourceQuality "1"]

1. e4 c5 2. a3 g6 3. h4 h5 4. Bc4 Nc6 5. b4 Bg7 6. c3 Ne5 7. Be2 c4 8. Nf3 Nd3+ 9. Bxd3 cxd3 10. a4 d5 11. Qb3 dxe4 12. Ng5 Nh6 13. Bb2 Bf5 14. c4 0-0 15. Bxg7 Kxg7 16. Nc3 Qd4 17. Ra2 f6 18. Nb5 Qe5 19. Nh3 Be6 20. g3 e3 21. dxe3 Qe4 22. Rh2 Bxc4 23. Qb2 Bxa2 24. Qxa2 Ng4 25. Nc7 Nxh2 0-1

[Event "Budapest FS04 FM-A"]
[Site "Budapest"]
[Date "2011.04.08"]
[Round "7"]
[White "Darazs, Zoltan"]
[Black "Zala, Gyula"]
[Result "1-0"]
[WhiteElo "2218"]
[BlackElo "2074"]
[PlyCount "49"]
[EventDate "2011.04.02"]
[EventType "tourn"]
[EventRounds "11"]
[EventCountry "HUN"]
[SourceTitle "CBM 141 Extra"]
[Source "ChessBase"]
[SourceDate "2011.05.03"]
[SourceVersion "1"]
[SourceVersionDate "2011.05.03"]
[SourceQuality "1"]

1. e4 e5 2. f4 d5 3. exd5 e4 4. d3 e3 5. Bxe3 Qxd5 6. Nc3 Qd8 7. Nf3 Nf6 8. Qe2 Be7 9. 0-0-0 0-0 10. h3 Re8 11. Qf2 Nd5 12. Nxd5 Qxd5 13. Kb1 Na6 14. c4 Qa5 15. Bd2 Qa4 16. b3 Qa3 17. Bc3 Bb4 18. Qb2 Qa5 19. Bxg7 Ba3 20. Bc3 Qc5 21. Qd2 Bb4 22. d4 Bxc3 23. Qxc3 Qf5+ 24. Bd3 Qxf4 25. Ne5 1-0

[Event "Budapest FS04 FM-A"]
[Site "Budapest"]
[Date "2011.04.07"]
[Round "6"]
[White "Zala, Gyula"]
[Black "Juracsik, Jozsef"]
[Result "0-1"]
[WhiteElo "2074"]
[BlackElo "2228"]
[PlyCount "71"]
[EventDate "2011.04.02"]
[EventType "tourn"]
[EventRounds "11"]
[EventCountry "HUN"]
[SourceTitle "CBM 141 Extra"]
[Source "ChessBase"]
[SourceDate "2011.05.03"]
[SourceVersion "1"]
[SourceVersionDate "2011.05.03"]
[SourceQuality "1"]

1. Nh3 e5 2. Na3 d5 3. g3 c6 4. f3 Nf6 5. c3 h6 6. Nf2 Bd6 7. Nc2 Bf5 8. b3 Qe7 9. Bb2 Nbd7 10. Bg2 0-0-0 11. a4 h5 12. a5 a6 13. b4 g5 14. Ne3 Bg6 15. Qb3 Kb8 16. Ba3 Nf8 17. Nd3 Ne6 18. Rf1 h4 19. b5 Bxa3 20. Rxa3 Bxd3 21. exd3 cxb5 22. gxh4 gxh4 23. Bh3 Nc5 24. Nf5 Qf8 25. Qc2 Nxd3+ 26. Qxd3 Qxa3 27. Ne3 Qxa5 28. Qf5 Qb6 29. Qxe5+ Ka8 30. Kf2 d4 31. Nf5 dxc3+ 32. d4 Rd5 33. Qe7 Rxd4 34. Nxd4 Qxd4+ 35. Kg2 Nd5 36. Qe1 0-1

[Event "Budapest FS04 FM-A"]
[Site "Budapest"]
[Date "2011.04.04"]
[Round "3"]
[White "Csillag, Janos"]
[Black "Zala, Gyula"]
[Result "0-1"]
[WhiteElo "1978"]
[BlackElo "2074"]
[PlyCount "40"]
[EventDate "2011.04.02"]
[EventType "tourn"]
[EventRounds "11"]
[EventCountry "HUN"]
[SourceTitle "CBM 141 Extra"]
[Source "ChessBase"]
[SourceDate "2011.05.03"]
[SourceVersion "1"]
[SourceVersionDate "2011.05.03"]
[SourceQuality "1"]

1. e4 e5 2. f4 g5 3. fxe5 d6 4. exd6 Qxd6 5. d4 Qg6 6. Bd3 Be7 7. Nf3 Nc6 8. 0-0 Bg4 9. Nc3 Nxd4 10. Ne5 Bxd1 11. Nxg6 hxg6 12. Nxd1 Nh6 13. c3 Nc6 14. Be3 Ng4 15. h3 Nxe3 16. Nxe3 Bc5 17. Rae1 Ne5 18. Bb5+ c6 19. Ba4 Rd8 20. Re2 g4 0-1

[Event "Budapest FS04 FM-A"]
[Site "Budapest"]
[Date "2011.04.03"]
[Round "2"]
[White "Zala, Gyula"]
[Black "Tran, Minh Thang1111"]
[Result "1-0"]
[WhiteElo "2074"]
[BlackElo "2077"]
[PlyCount "37"]
[EventDate "2011.04.02"]
[EventType "tourn"]
[EventRounds "11"]
[EventCountry "HUN"]
[SourceTitle "CBM 141 Extra"]
[Source "ChessBase"]
[SourceDate "2011.05.03"]
[SourceVersion "1"]
[SourceVersionDate "2011.05.03"]
[SourceQuality "1"]

1. e4 e6 2. a3 d5 3. e5 c5 4. b4 Nc6 5. f4 cxb4 6. axb4 Bxb4 7. c3 Be7 8. d4 Nh6 9. Bd3 0-0 10. Nf3 Bd7 11. 0-0 Rc8 12. Ra2 a6 13. Ng5 g6 14. Rf3 f6 15. Rh3 fxg5 16. Rxh6 Kg7 17. Rxh7+ Kg8 18. Bxg6 Bf6 19. Qh5 1-0

[Event "Budapest FS04 FM-A"]
[Site "Budapest"]
[Date "2011.04.02"]
[Round "1"]
[White "Borda, Lajos"]
[Black "Zala, Gyula"]
[Result "1-0"]
[WhiteElo "2135"]
[BlackElo "2074"]
[PlyCount "63"]
[EventDate "2011.04.02"]
[EventType "tourn"]
[EventRounds "11"]
[EventCountry "HUN"]
[SourceTitle "CBM 141 Extra"]
[Source "ChessBase"]
[SourceDate "2011.05.03"]
[SourceVersion "1"]
[SourceVersionDate "2011.05.03"]
[SourceQuality "1"]

1. e4 e5 2. Bc4 d5 3. Bxd5 Nf6 4. Bb3 Bc5 5. Qe2 Nc6 6. c3 0-0 7. h3 a5 8. a4 b6 9. d3 Ba6 10. Bc4 Bxc4 11. dxc4 Ne8 12. Be3 Bxe3 13. Qxe3 Nd6 14. Nd2 f5 15. c5 bxc5 16. Qxc5 Qe8 17. Ngf3 fxe4 18. Nxe4 Nxe4 19. Qc4+ Kh8 20. Qxe4 Rb8 21. Ng5 g6 22. Qc2 Rf5 23. Ne4 Ne7 24. Rd1 Qc6 25. 0-0 Rf4 26. Rfe1 Rb4 27. Ng3 Rxa4 28. Rxe5 Ng8 29. b3 Rab4 30. Rd8 Kg7 31. Qd1 Qf6 32. Ree8 1-0

[Event "Budapest Spring op 27th"]
[Site "Budapest"]
[Date "2011.03.25"]
[Round "9"]
[White "Grimm, Daniel"]
[Black "Zala, Gyula"]
[Result "1-0"]
[WhiteElo "1997"]
[BlackElo "2074"]
[PlyCount "53"]
[EventDate "2011.03.18"]
[EventType "swiss"]
[EventRounds "9"]
[EventCountry "HUN"]
[SourceTitle "CBM 141 Extra"]
[Source "ChessBase"]
[SourceDate "2011.05.03"]
[SourceVersion "1"]
[SourceVersionDate "2011.05.03"]
[SourceQuality "1"]

1. e4 e5 2. Nf3 d5 3. Nxe5 Qe7 4. d4 f6 5. Nd3 dxe4 6. Nf4 g5 7. Nd5 Qg7 8. Nbc3 c6 9. Ne3 Bb4 10. Bd2 f5 11. Nxe4 Bxd2+ 12. Nxd2 h5 13. c3 b5 14. Bd3 Ne7 15. Qe2 Kd8 16. 0-0-0 f4 17. Nc2 Bg4 18. f3 Bd7 19. Rhe1 Re8 20. Ne4 Nf5 21. Qd2 b4 22. Nc5 Ne3 23. Nxe3 bxc3 24. bxc3 fxe3 25. Rxe3 a5 26. Rde1 Rxe3 27. Qxe3 1-0

[Event "Budapest FS03 FM-A"]
[Site "Budapest"]
[Date "2011.03.05"]
[Round "1"]
[White "Farkas, Richard"]
[Black "Zala, Gyula"]
[Result "1-0"]
[WhiteElo "2001"]
[BlackElo "2074"]
[PlyCount "69"]
[EventDate "2011.03.05"]
[EventType "tourn"]
[EventRounds "11"]
[EventCountry "HUN"]
[SourceTitle "CBM 141 Extra"]
[Source "ChessBase"]
[SourceDate "2011.05.03"]
[SourceVersion "1"]
[SourceVersionDate "2011.05.03"]
[SourceQuality "1"]

1. e4 g6 2. d4 Bg7 3. g3 c5 4. c3 b6 5. Bg2 Bb7 6. Ne2 h5 7. 0-0 h4 8. f4 hxg3 9. hxg3 Na6 10. Nd2 b5 11. a4 b4 12. d5 Nc7 13. Nf3 d6 14. c4 Ba6 15. Qc2 Rb8 16. Bd2 Bc8 17. Rae1 b3 18. Qb1 Na6 19. Bc3 Nf6 20. Ng5 Nb4 21. Bxb4 Rxb4 22. Qd3 Ba6 23. Rc1 Ng4 24. e5 dxe5 25. Ne6 fxe6 26. Qxg6+ Kf8 27. fxe5+ Nf6 28. Nf4 Bc8 29. dxe6 Qe8 30. Bc6 Qxg6 31. Nxg6+ Kg8 32. exf6 Bxf6 33. Rxf6 Kg7 34. Nxh8 Kxf6 35. Bd7 1-0